Państwo Ameryki Południowej na literę... - Statystyki

Ogólne statystyki
  • Ten quiz został rozwiązany 95 razy
  • Średni wynik to 9 z 10
Statystyki odpowiedzi
Litera Państwo % Poprawnych
B Boliwia | Brazylia
99%
A Argentyna
98%
P Paragwaj | Peru
98%
U Urugwaj
97%
E Ekwador
96%
C Chile
93%
W Wenezuela
93%
K Kolumbia
90%
G Gujana
89%
S Surinam
84%
Nie znaleziono quizów pasujących do podanych kryteriów
Rozkład punktacji
Procent ludzi z każdym wynikiem
Percentyl według liczby udzielonych odpowiedzi
Twoja historia wyników
Nie rozwiązałeś tego quizu